Podobnosti v slovenských textoch

Guardado en:
Detalles Bibliográficos
Autor principal: Samuhel, Patrik (Autor)
Otros Autores: Chudá, Daniela (Orientador)
Formato: Manuscrito Libro
Lenguaje:eslovaco
Publicado: 2015
Materias:
Acceso en línea:http://is.stuba.sk/zp/portal_zp.pl?podrobnosti=110090
Etiquetas: Agregar Etiqueta
Sin Etiquetas, Sea el primero en etiquetar este registro!

MARC

LEADER 00000ntm a22000003a 4500
001 stuzp53698
003 SK-STU
005 20160719154539.0
007 ta
008 150427s2015----xo-----f-mn---000-0-slo-d
040 |a STU  |b slo 
041 0 |a slo 
044 |a xo 
100 1 |a Samuhel, Patrik  |u 070200  |4 aut  |U FIIT Fakulta informatiky a informačných technológií  |T FIIT Ústav informatiky a softvérového inžinierstva  |X 5745  |U I200  |Y 179  |7 A000005745 
242 0 1 |a Similarity search in Slovak texts  |y eng 
245 1 0 |a Podobnosti v slovenských textoch 
260 |c 2015 
300 |a 72 s.  |e CD-ROM 
650 4 |a štýlometria  |2 slo 
650 4 |a plagiátorstvo  |2 slo 
650 4 |a slovenský jazyk  |2 slo 
650 4 |a slovak language  |2 eng 
650 4 |a plagiarism  |2 eng 
650 4 |a stylometry  |2 eng 
700 1 |a Chudá, Daniela  |4 ths  |X 38061  |7 000038061 
856 4 |u http://is.stuba.sk/zp/portal_zp.pl?podrobnosti=110090 
996 |b 284ID00039  |c I* DP38/15  |l II680  |s P  |a 0  |w stuzp53698_0001 
SQL |a stuzp53698  |b DDP  |c SLO  |d Podobnosti v slovenských textoch  |e 5745  |f Samuhel, Patrik  |g 070200  |h 38061  |i Chudá, Daniela  |j 20150610  |k 205  |l 07  |m http://is.stuba.sk/zp/portal_zp.pl?podrobnosti=110090  |n I-IS2  |o 9.2.6. informačné systémy